|
|
|
|
| LEADER |
00000csc a2200000 a 4500 |
| 001 |
58125 |
| 005 |
20230308210442.0 |
| 008 |
975110|1974 ||||||||r|||||||||||spa|| |
| 040 |
|
|
|b spa
|
| 041 |
1 |
|
|a spa
|
| 082 |
0 |
|
|a 070.431
|b C448i
|
| 100 |
1 |
|
|a Ordóñez Andrade, Marco
|9 191363
|
| 245 |
|
|
|a La Incomuncación social: investigación de campo
|c Marco Ordóñez Andrade
|h imp
|
| 264 |
|
|
|a Quito
|b Ciespal
|c 1974
|
| 300 |
|
|
|a 23 páginas:
|c 26 cm
|
| 490 |
|
|
|a Colección Documentos
|p Serie Investigación y Comunicación
|v no. 2
|
| 650 |
|
|
|a Investigacion y comunicacion
|9 31489
|
| 650 |
|
|
|a Incomunicacion social
|9 24626
|
| 852 |
|
|
|a UC-CDJBV
|c ESTANTERIA CERRADA
|f Compra
|k zulay.encalada
|l 1
|m General
|p 19751107
|q 20,00
|r 2
|t 58125
|b 0
|d CDRC
|e CDRC
|g 070.431 C448i ESTANTERIA CERRADA
|z 1975-51-10
|
| 942 |
|
|
|
| 999 |
|
|
|c 115250
|d 115250
|